| 000 | 00769cam a22002653a 4500 | ||
|---|---|---|---|
| 001 | 37322 | ||
| 003 | PGUSA | ||
| 005 | 20140828083822.0 | ||
| 008 | 110905s2011||||xxu|||||s|||||000 | eng d | ||
| 040 |
_aPGUSA _beng |
||
| 042 | _adc | ||
| 050 | 4 | _aML | |
| 100 | 1 |
_aFay, Amy, _d1844-1928 |
|
| 245 | 1 | 0 |
_aMusic-Study in Germany : _bfrom the Home Correspondence of Amy Fay _h[electronic resource] / _cAmy Fay |
| 260 |
_bProject Gutenberg, _c2011 |
||
| 506 | _aPublic domain in the USA. | ||
| 516 | _aElectronic text | ||
| 653 | _aMusic -- Instruction and study | ||
| 653 | _aMusicians -- Germany | ||
| 653 | _aMusic -- Anecdotes | ||
| 700 | 1 | _aPeirce, Fay | |
| 830 | 0 |
_aProject Gutenberg _v37322 |
|
| 856 | 4 | 0 | _uhttp://www.gutenberg.org/ebooks/37322 |
| 942 | _cEB | ||
| 999 |
_c266576 _d266576 |
||